000 00697nam a2200265Ia 4500
003 OSt
005 20221005085924.0
006 a|||||r|||| 00| 0
007 ta
008 221004b |||||||| |||| 00| 0 eng d
024 _a31116
037 _cTextual
040 _aCRL
_cCRL
_beng
041 _2eng
_aeng
082 _a2:7x, M2
100 _aKatz Bill Ed
245 0 _aEthics and reference services
260 _aNew York
_bHaworth
_c1982
300 _a173p.
_ccm.
490 _aReference librarian 4
650 _aLIBRARY SCIENCE
700 _a Fraley Ruth A Ed
_945140
942 _h2:7x, M2
_cTEXL
_2cc
999 _c995008
_d995008